Normal view
MARC view
Entry Personal Name
001 - CONTROL NUMBER
- control field: 24989
003 - CONTROL NUMBER IDENTIFIER
- control field: BD-DhEWU
005 - DATE AND TIME OF LATEST TRANSACTION
- control field: 20200210203818.0
008 - FIXED-LENGTH DATA ELEMENTS
- fixed length control field: 200210|| aca||aabn | a|a d
040 ## - CATALOGING SOURCE
- Original cataloging agency: BD-DhEWU
- Transcribing agency: BD-DhEWU
100 ## - HEADING--PERSONAL NAME
- Personal name: Wells, Robin.
670 ## - SOURCE DATA FOUND
- Source citation: Work cat.: (BD-DhEWU): Krugman, Paul R. 4801, Economics /, c2018.